[Event "New York Marshall op 04"]
[Site "New York"]
[Date "2024.04.15"]
[Round "5"]
[White "Aravindakshan, Sahana"]
[Black "Lee, Rohan"]
[Result "0-1"]
[WhiteElo "1904"]
[BlackElo "1913"]
[PlyCount "104"]
[EventDate "2024.04.13"]
[EventType "swiss"]
[EventRounds "5"]
[EventCountry "USA"]
[SourceTitle "CB18_2024"]
[SourceDate "2024.05.01"]
[SourceVersion "1"]
[SourceVersionDate "2024.05.01"]
[SourceQuality "2"]

1. d4 Nf6 2. c4 e6 3. Nc3 Bb4 4. e3 d5 5. a3 Bxc3+ 6. bxc3 0-0 7. cxd5 exd5 8. Bd3 b6 9. Ne2 c5 10. 0-0 Ba6 11. f3 Re8 12. Ng3 Bxd3 13. Qxd3 Nc6 14. Bb2 Qe7 15. Rae1 Rad8 16. e4 dxe4 17. fxe4 Ne5 18. Qe2 Ng6 19. d5 b5 20. c4 bxc4 21. Qd2 Ne5 22. Nf5 Qf8 23. Qg5 Nfd7 24. Re3 f6 25. Qh4 Nf7 26. Rg3 Ng5 27. d6 Rxe4 28. Ne7+ Kh8 29. Qh5 Rxe7 30. dxe7 Qxe7 31. h4 Nf7 32. Rd1 Nde5 33. Rxd8+ Qxd8 34. Qe2 Nd3 35. Qg4 g6 36. Bc3 Nfe5 37. Qe6 Nf4 38. Qa6 Ne2+ 39. Kh2 Nxg3 40. Bxe5 fxe5 41. Kxg3 c3 42. Qc6 Qd3+ 43. Kh2 Qf5 44. Qa8+ Kg7 45. Qxa7+ Kh6 46. Qxc5 c2 47. Kg1 Qe4 48. Qf8+ Kh5 49. Qc8 Qe3+ 50. Kh2 Qf4+ 51. Kh3 c1Q 52. g4+ Kh6 0-1

[Event "North American-ch U20 Girls"]
[Site "Dulles"]
[Date "2023.12.20"]
[Round "4"]
[White "Aravindakshan, Sahana"]
[Black "Qian, Ashley"]
[Result "1-0"]
[WhiteElo "1964"]
[BlackElo "1619"]
[PlyCount "133"]
[EventDate "2023.12.19"]
[EventType "swiss"]
[EventRounds "9"]
[EventCountry "USA"]
[SourceTitle "CB52_2023"]
[SourceDate "2023.12.27"]
[SourceVersion "1"]
[SourceVersionDate "2023.12.27"]
[SourceQuality "1"]

1. d4 d5 2. c4 e6 3. Nc3 Nf6 4. cxd5 exd5 5. Bg5 c6 6. Qc2 Be7 7. e3 Nbd7 8. Bd3 h6 9. Bh4 Nh5 10. Bxe7 Qxe7 11. Nge2 Nhf6 12. 0-0 0-0 13. Rfb1 a5 14. Qd2 Re8 15. Ng3 Nb6 16. Re1 Be6 17. f3 Qd7 18. Rad1 Kh8 19. b3 Qd6 20. Bb1 Qc7 21. Qd3 g6 22. Nce2 Kg7 23. Nf4 Nbd7 24. Nxg6 fxg6 25. Qxg6+ Kf8 26. e4 Qf4 27. e5 Bf7 28. Qc2 Ng8 29. Ne2 Qe3+ 30. Kh1 Ke7 31. f4 Kd8 32. Ng3 Qxf4 33. Rf1 Qg5 34. Rxf7 Re7 35. Qh7 Rxf7 36. Qxf7 Ne7 37. e6 Nf6 38. Rf1 Ne8 39. Nf5 Rc8 40. h4 Qf6 41. Qxe8+ Kxe8 42. Nd6+ Kd8 43. Rxf6 Rb8 44. Nf5 Nxf5 45. Bxf5 Ke7 46. Rf7+ Ke8 47. Bg6 Kd8 48. Rf8+ Ke7 49. Rxb8 Kxe6 50. Rxb7 Kf6 51. h5 Kg5 52. Ra7 Kf4 53. Rxa5 Ke3 54. Rc5 Kxd4 55. Rxc6 Ke5 56. a4 d4 57. a5 Kf4 58. a6 Ke3 59. a7 d3 60. Bxd3 Kxd3 61. a8Q Ke4 62. Rd6+ Ke5 63. Qd5+ Kf4 64. Rf6+ Kg4 65. Qf3+ Kh4 66. Qf4+ Kxh5 67. Rxh6# 1-0